MESTSKÁ KNIŽNICA GIRALTOVCE  - online katalóg 

Cesta manažéra z pekla, alebo, Ako robiť charitu úspešne a so srdcom (Record no. 23973)

000 -NÁVESTIE
fixed length control field 01636cam a2200493 a 4500
001 - EVIDENČNÉ ČÍSLO ZÁZNAMU - Kontrolné číslo
control field vtls010263872
005 - DÁTUM A ČAS POSLEDNEJ TRANSAKCIE
control field 20251024081046.0
008 - ÚDAJE S PEVNOU DĹŽKOU – VŠEOBECNÉ INFORMÁCIE
fixed length control field 240314s2011 xo g 000 e slo
020 ## - MEDZINÁRODNÉ ŠTANDARDNÉ ČÍSLO KNIHY (ISBN)
Medzinárodné štandardné číslo knihy (ISBN) 9788097064297
Qualifying information (brož.)
035 ## - Iný štandardný identifikátor
Iný štandardný identifikátor 19EF5139-C132-4201-9736-11EDB94105CD
035 ## - Iný štandardný identifikátor
Iný štandardný identifikátor urn:nbn:sk:snk-amjh99
035 ## - Iný štandardný identifikátor
Iný štandardný identifikátor urn:nbn:sk:snk-am001sek
040 ## - ZDROJ KATALOGIZÁCIE
Pôvodná katalogizujúca agentúra SVKBB
Jazyk katalogizácie slo
Prepisujúca agentúra SVKBB
Modifikujúca agentúra SNK
Konvencie popisu AACR2
041 0# - KÓD JAZYKA
Kód jazyka textu/zvukovej stopy alebo samostatných nápisov slo
044 ## - KÓD KRAJINY VYDAVATEĽA/PRODUCENTA
Kód krajiny MARC xo
Kód krajiny ISO SK
072 #7 - KÓD PREDMETOVEJ KATEGÓRIE
Kód predmetovej kategórie 005
Pododdiel kódu predmetovej kategórie Manažment. Riadenie
Zdroj konspekt
072 #7 - KÓD PREDMETOVEJ KATEGÓRIE
Kód predmetovej kategórie 2
Pododdiel kódu predmetovej kategórie Náboženstvo
Zdroj konspekt
080 ## - ČÍSLO MEDZINÁRODNÉHO DESATINNÉHO TRIEDENIA (MDT)
Číslo Medzinárodného desatinného triedenia (MDT) 2-46
Identifikátor vydania 2001
080 ## - ČÍSLO MEDZINÁRODNÉHO DESATINNÉHO TRIEDENIA (MDT)
Číslo Medzinárodného desatinného triedenia (MDT) 658.114-051
Identifikátor vydania 2001
080 ## - ČÍSLO MEDZINÁRODNÉHO DESATINNÉHO TRIEDENIA (MDT)
Číslo Medzinárodného desatinného triedenia (MDT) 005.742-057.162
Identifikátor vydania 2001
080 ## - ČÍSLO MEDZINÁRODNÉHO DESATINNÉHO TRIEDENIA (MDT)
Číslo Medzinárodného desatinného triedenia (MDT) 17:658
Identifikátor vydania 2001
080 ## - ČÍSLO MEDZINÁRODNÉHO DESATINNÉHO TRIEDENIA (MDT)
Číslo Medzinárodného desatinného triedenia (MDT) (0:82-4)
Identifikátor vydania 2001
080 ## - ČÍSLO MEDZINÁRODNÉHO DESATINNÉHO TRIEDENIA (MDT)
Číslo Medzinárodného desatinného triedenia (MDT) 005.35
Identifikátor vydania 2001
100 1# - OSOBNÉ MENÁ – VŠEOBECNÉ INFORMÁCIE
Osobné meno Kiska, Andrej,
Dátumy súvisiace s menom 1963-
Kód roly aut
-- 5094
245 10 - NÁZOV
Názov Cesta manažéra z pekla, alebo, Ako robiť charitu úspešne a so srdcom
Údaj o zodpovednosti atď. Andrej Kiska
246 30 - INÁ FORMA NÁZVU
Hlavný názov/skrátený názov Ako robiť charitu úspešne a so srdcom
250 ## - ÚDAJ O PORADÍ VYDANIA
Údaj o poradí vydania [1. vyd.]
260 ## - VYDAVATEĽSKÉ ÚDAJE, DISTRIBÚCIA ATĎ.
Miesto publikovania, distribúcie atď. Poprad
Názov vydavateľa, distibútora atď. Andrej Kiska
Dátum publikovania, distribúcie atď. 2011
300 ## - FYZICKÝ POPIS
Rozsah 51 s.
Rozmery 21 cm
650 07 - PRIDANÝ VSTUP – PREDMET – TEMATICKÉ HESLO
Tematické heslo alebo geografický názov ako vstupný prvok manažéri
Zdroj hesla alebo termínu SNKPH
-- 5095
650 07 - PRIDANÝ VSTUP – PREDMET – TEMATICKÉ HESLO
Tematické heslo alebo geografický názov ako vstupný prvok manažérska etika
Zdroj hesla alebo termínu SNKPH
-- 5096
650 07 - PRIDANÝ VSTUP – PREDMET – TEMATICKÉ HESLO
Tematické heslo alebo geografický názov ako vstupný prvok Charities
Zdroj hesla alebo termínu SNKPHeng
-- 5097
650 07 - PRIDANÝ VSTUP – PREDMET – TEMATICKÉ HESLO
Tematické heslo alebo geografický názov ako vstupný prvok Executives
Zdroj hesla alebo termínu SNKPHeng
-- 5098
650 07 - PRIDANÝ VSTUP – PREDMET – TEMATICKÉ HESLO
Tematické heslo alebo geografický názov ako vstupný prvok Business ethics
Zdroj hesla alebo termínu SNKPHeng
-- 5099
650 07 - PRIDANÝ VSTUP – PREDMET – TEMATICKÉ HESLO
Tematické heslo alebo geografický názov ako vstupný prvok charitatívna činnosť
Zdroj hesla alebo termínu SNKPH
-- 5100
650 07 - PRIDANÝ VSTUP – PREDMET – TEMATICKÉ HESLO
Tematické heslo alebo geografický názov ako vstupný prvok podnikatelia
Zdroj hesla alebo termínu SNKPH
-- 5101
650 07 - PRIDANÝ VSTUP – PREDMET – TEMATICKÉ HESLO
Tematické heslo alebo geografický názov ako vstupný prvok firemná filantropia
Zdroj hesla alebo termínu SNKPH
-- 5102
650 07 - PRIDANÝ VSTUP – PREDMET – TEMATICKÉ HESLO
Tematické heslo alebo geografický názov ako vstupný prvok Businessmen
Zdroj hesla alebo termínu SNKPHeng
-- 5103
650 07 - PRIDANÝ VSTUP – PREDMET – TEMATICKÉ HESLO
Tematické heslo alebo geografický názov ako vstupný prvok Corporate philanthropy
Zdroj hesla alebo termínu SNKPHeng
-- 5104
655 #7 - INDEXAČNÝ TERMÍN – ŽÁNER/FORMA
Údaje o žánri/forme alebo termín, ktorý je prvok fazety úvahy
Zdroj termínu SNKPH
-- 1703
655 #7 - INDEXAČNÝ TERMÍN – ŽÁNER/FORMA
Údaje o žánri/forme alebo termín, ktorý je prvok fazety Essays
Zdroj termínu SNKPHeng
-- 1704
958 ## - Formálny deskriptor
Formálny deskriptor NT
Holdings
Stav stiahnutia (Blokovanie) (Withrawn status) Stav straty Zdroj klasifikácie pre skladovanie Stav poškodenia (Damaged status) Nie pre výpožičky (Not for loan) Spôsob nadobudnutia (Collection code) Trvalé umiestnenie Aktuálne umiestnenie Dátum nadobudnutia Inventárne číslo (prírastkové číslo) Full call number Čiarový kód Dátum posledného výskytu Cena s účinnosťou od Typ jednotky Koha
          Dar Mestská knižnica Giraltovce Mestská knižnica Giraltovce 2025-10-24 22329 S1601 S1601 2025-10-24 2025-10-24 Odborná literatúra pre dospelých

Powered by Koha